Ciel- Gims paroles - Statistiques

Statistiques générales
  • Ce quiz a été pris 2 425 fois
  • Le résultat moyen est 197 sur 288
Statistiques - réponses
Réponse % Correct
Ciel
100%
(ciel)
100%
ciel
100%
ciel,
100%
pas
98%
que
98%
tu
98%
magicienne
97%
un
96%
dit
95%
m’avais
95%
une
94%
à
90%
a
90%
ça
89%
de
89%
me
89%
des
84%
fasse
81%
je
81%
qu’elle
81%
la
80%
lE
80%
le
80%
découvert
79%
siennes
79%
elle
78%
j’ai
78%
c’est
77%
c’était
76%
du
76%
76%
cauchemar,
75%
dans
75%
est
75%
fait
75%
tombé
75%
j’étais
74%
oui,
72%
oui
72%
vu
72%
Ferrari
71%
vert
71%
qu’c’était
70%
retrouvé
70%
tombée
68%
et
63%
pour
59%
mais
58%
faux
57%
dis
55%
ton
55%
choses
48%
envie
48%
t’as
48%
l’aimes
47%
changer
46%
cours
45%
vue
44%
au
42%
fin
40%
belle
39%
oh
39%
oh,
39%
dire
38%
plus
38%
te
38%
histoire
37%
n’m’étonnerait
37%
N’m’étonnerait
37%
vie
37%
fond
36%
les
36%
tout
35%
âme
34%
défaut
34%
n’est
34%
comme
33%
suivi
33%
va
33%
crois
32%
grand
32%
Question
32%
choix
31%
par
31%
veut
31%
d’la
30%
on
30%
mes
29%
qu’une
29%
fosse
28%
leur
28%
suis
28%
fini
26%
même
26%
galères
25%
jour
24%
mer
24%
partout
24%
garde
23%
aujourd’hui,
22%
belles
21%
c’est-à-dire
21%
images
21%
y
19%
j’t’ai
18%
menti
18%
faire
17%
perdre
17%
peur
17%
regardait
17%
(’cienne)
16%
(‘cienne)
16%
verre
16%
rien
15%
bouts
14%
doutes
11%
hanté
11%
Aucun quiz correspondant
Distribution des résultats
% des personnes avec chaque résultat
Percentile par nombre de réponses
Votre historique - résultats
Vous n’avez pas pris ce quiz